Embryology / (رقم التسجيلة. 42772)
[ عرض عادي ]
| 000 -الفاتح | |
|---|---|
| حقل البيانات ثابتة الطول | 02525cam a2200409 i 4500 |
| 001 - رقم الضبط | |
| رقم الضبط | 866835587 |
| 003 - محدد رقم الضبط | |
| رقم الضبط | OCoLC |
| 005 - وقت وتاريخ اخر تعامل مع التسجيلة | |
| رقم الضبط | 20180921173750.0 |
| 008 - عناصر البيانات ثابتة الطول - معلومات عامة | |
| حقل البيانات ثابتة الطول | 131220t20142014paua b 001 0 eng |
| 010 ## - رقم ضبط مكتبة الكونجرس | |
| رقم ضبط مكتبة الكونجرس | 2013050542 |
| 020 ## - الرقم الدولى المعيارى للكتب | |
| الرقم الدولى المعيارى للكتاب | 9781451190380 |
| Qualifying information | (paperback ; |
| -- | alk. paper) |
| 020 ## - الرقم الدولى المعيارى للكتب | |
| الرقم الدولى المعيارى للكتاب | 1451190387 |
| Qualifying information | (paperback ; |
| -- | alk. paper) |
| 035 ## - رقم ضبط النظام | |
| رقم ضبط النظام | (OCoLC)866835587 |
| رقم الضبط الملغى والمتاح | (OCoLC)864504791 |
| -- | (OCoLC)864507101 |
| 040 ## - مصدر الفهرسة | |
| وكالة الفهرسة الأصلية | DNLM/DLC |
| لغة الفهرسة | eng |
| قواعد الوصف | rda |
| وكالة النسخ | DLC |
| وكالة التعديل | YDX |
| -- | BTCTA |
| -- | BDX |
| -- | NLM |
| -- | UKMGB |
| -- | YDXCP |
| -- | YUM |
| -- | NEH |
| -- | OCLCF |
| -- | SWW |
| -- | USU |
| -- | OCL |
| -- | OCLCQ |
| 042 ## - رمز التحقق | |
| رمز التحقق | pcc |
| 050 00 - رقم طلب مكتبة الكونجرس | |
| رقم التصنيف | QM601 |
| رقم المادة | .F68 2014 |
| 060 00 - رقم الطلب بالمكتبة الطبية الوطنية | |
| رقم التصنيف | 2015 D-998 |
| 060 10 - رقم الطلب بالمكتبة الطبية الوطنية | |
| رقم التصنيف | QS 618.2 |
| 082 00 - رقم تصنيف ديوى العشرى | |
| رقم التصنيف | 612.64 |
| رقم الطبعة | 23 |
| رقم المادة | DRE |
| 096 ## - رقم استدعاء المكتبة الطبية الوطنية المحلى | |
| رقم التصنيف | QS 618.2 |
| رقم المادة | D845e 2014 |
| 100 1# - المدخل الرئيسى - إسم شخصى | |
| الإسم الشخصى | Dudek, Ronald W., |
| التواريخ المصاحبة للاسم | 1950- |
| الدور | author. |
| 9 (RLIN) | 21345 |
| 245 10 - بيان العنوان | |
| العنوان | Embryology / |
| بيان المسئوليه,etc | Ronald W. Dudek, Ph. D., Professor, Department of Anatomy and Cell Biology, Brody School of Medicine, East Carolina University, Greenville, North Carolina. |
| 250 ## - بيان الطبعة | |
| بيان الطبعة | Sixth edition. |
| 300 ## - الوصف المادى | |
| التعداد | xiii, 309 pages : |
| تفاصيل ماديه اخرى للوعاء | illustrations (some color) ; |
| أبعاد الوعاء | 26 cm. |
| 490 1# - بيان السلسلة | |
| عنوان السلسلة | Board review series. |
| 504 ## - تبصرة ببليوجرافية | |
| تبصرة ببليوجرافية,الخ | Includes bibliographical references and index. |
| 505 0# - تبصرة محتويات-الفهرس | |
| تبصرة المحتويات المصاغة | Prefertilization events -- Week 1 of human development (days 1-7) -- Week 2 of human development (days 8-14) -- Embryonic period (weeks 3-8) -- Cardiovascular system -- Placenta and amniotic fluid -- Nervous system -- Ear -- Eye -- Digestive system -- Respiratory system -- Head and neck -- Urinary system -- Female reproductive system -- Male reproductive system -- Integumentary system -- Skeletal system -- Muscular system -- Upper limb -- Lower limb -- Body cavities -- Pregnancy -- Teratology. |
| 520 ## - التبصرة الخاصة بالتعليق أو التلخيص | |
| ملخص,الخ | "The sixth edition of BRS Embryology includes improvements based on suggestions and comments from the many medical students who have used this book in preparation for the USMLE Step 1 examination and those students who have reviewed the book. I pay close attention to these suggestions and comments in order to improve the quality of this book. The goal of BRS Embryology is to provide an accurate and quick review of important clinical aspects of embryology for the future physician"-- |
| 650 #0 - المدخل الاضافى بالموضوع-مصطلح موضوعى | |
| مصطلح موضوعي أو اسم جغرافي كعنصر مدخل | Embryology, Human |
| التقسيم الفرعي الشكلي | Examinations, questions, etc. |
| 9 (RLIN) | 52510 |
| 650 #0 - المدخل الاضافى بالموضوع-مصطلح موضوعى | |
| مصطلح موضوعي أو اسم جغرافي كعنصر مدخل | Embryology |
| التقسيم الفرعي الشكلي | Examinations, questions, etc. |
| 9 (RLIN) | 64913 |
| 650 #0 - المدخل الاضافى بالموضوع-مصطلح موضوعى | |
| مصطلح موضوعي أو اسم جغرافي كعنصر مدخل | Embryology, Human |
| التقسيم الفرعي الشكلي | Outlines, syllabi, etc. |
| 9 (RLIN) | 64914 |
| 650 12 - المدخل الاضافى بالموضوع-مصطلح موضوعى | |
| مصطلح موضوعي أو اسم جغرافي كعنصر مدخل | Embryology. |
| 9 (RLIN) | 64915 |
| 655 #2 - مصطلح تكشيفى-نوع/شكل | |
| بيانات النوع/ الشكل أو المصطلح الأساسي | Outlines. |
| 9 (RLIN) | 48514 |
| 655 #2 - مصطلح تكشيفى-نوع/شكل | |
| بيانات النوع/ الشكل أو المصطلح الأساسي | Examination Questions. |
| 9 (RLIN) | 64916 |
| 830 #0 - المدخل الاضافى بالسلسلة -عنوان موحد | |
| عنوان موحد | Board review series. |
| 9 (RLIN) | 64917 |
| 942 ## - عناصر المدخل الإضافي( كوها) | |
| مصدر التصنيف او مخطط الترفيف | Dewey Decimal Classification |
| Koha [default] item type | كتاب |
| حالة الفقد | نموذج السعر الفعال | حالة تلف | ليس للاعارة | رقم الطلب | تاريخ الاكتساب | الموقع الحالي | الباركود | الفرع الرئيسي | Date last seen | نوع المادة فى نظام كوها | مصدر التصنيف او خطة الترفيف | Total Checkouts |
|---|---|---|---|---|---|---|---|---|---|---|---|---|
| 2018-09-21 | 612.64 DRE | 2018-09-21 | المكتبة المركزية بالمجمعة (CL) | 00751082 | المكتبة المركزية بالمجمعة (CL) | 2018-09-21 | كتاب | Dewey Decimal Classification | ||||
| 2018-09-21 | 612.64 DRE | 2018-09-21 | المكتبة المركزية بالمجمعة (CL) | 00751083 | المكتبة المركزية بالمجمعة (CL) | 2018-09-21 | كتاب | Dewey Decimal Classification | ||||
| 2018-09-21 | 612.64 DRE | 2018-09-21 | المكتبة المركزية بالمجمعة (CL) | 00751084 | المكتبة المركزية بالمجمعة (CL) | 2018-09-21 | كتاب | Dewey Decimal Classification | ||||
| 2018-09-21 | 612.64 DRE | 2018-09-21 | مكتبة كلية التربية بالزلفى - طالبات (EZF) | 00751085 | مكتبة كلية التربية بالزلفى - طالبات (EZF) | 2018-09-21 | كتاب | Dewey Decimal Classification | ||||
| 2018-09-21 | 612.64 DRE | 2018-09-21 | مكتبة كلية التربية بالزلفى - طالبات (EZF) | 00751086 | مكتبة كلية التربية بالزلفى - طالبات (EZF) | 2018-09-21 | كتاب | Dewey Decimal Classification | ||||
| 2018-09-21 | 612.64 DRE | 2018-09-21 | مكتبة مجمع الكليات بالزلفى - طلاب (SZM) | 00751087 | مكتبة مجمع الكليات بالزلفى - طلاب (SZM) | 2018-09-21 | كتاب | Dewey Decimal Classification | ||||
| 2018-09-21 | 612.64 DRE | 2018-09-21 | مكتبة مجمع الكليات بالزلفى - طلاب (SZM) | 00751088 | مكتبة مجمع الكليات بالزلفى - طلاب (SZM) | 2018-09-21 | كتاب | Dewey Decimal Classification |
